Some nonlinear problems in riemannian geometry / (Record no. 29892)
[ view plain ]
| 000 -LEADER | |
|---|---|
| fixed length control field | 00661 a2200193 4500 |
| 020 ## - INTERNATIONAL STANDARD BOOK NUMBER | |
| International Standard Book Number | 3540607528 |
| 020 ## - INTERNATIONAL STANDARD BOOK NUMBER | |
| International Standard Book Number | 9783540607526 |
| 082 ## - DEWEY DECIMAL CLASSIFICATION NUMBER | |
| Classification number | 516.373 |
| 090 ## - LOCALLY ASSIGNED LC-TYPE CALL NUMBER (OCLC); LOCAL CALL NUMBER (RLIN) | |
| -- | 1279 |
| -- | 1279 |
| 100 1# - MAIN ENTRY--PERSONAL NAME | |
| Personal name | Aubin, Thierry. |
| 245 10 - TITLE STATEMENT | |
| Title | Some nonlinear problems in riemannian geometry / |
| Statement of responsibility, etc. | Thierry Aubin. |
| 260 ## - PUBLICATION, DISTRIBUTION, ETC. | |
| Place of publication, distribution, etc. | [S.l.] : |
| Name of publisher, distributor, etc. | Springer, |
| Date of publication, distribution, etc. | 1998. |
| 300 ## - PHYSICAL DESCRIPTION | |
| Extent | 414 p. ; |
| Dimensions | 25 cm. |
| 490 1# - SERIES STATEMENT | |
| Series statement | Springer monographs in mathematics. |
| 700 ## - ADDED ENTRY--PERSONAL NAME | |
| Personal name | Aubin, Thierry. |
| 830 #0 - SERIES ADDED ENTRY--UNIFORM TITLE | |
| Uniform title | Springer monographs in mathematics. |
| 942 ## - ADDED ENTRY ELEMENTS (KOHA) | |
| Institution code [OBSOLETE] | SNS |
| Koha item type | Book |
| Call number prefix | 516.373 AUB |
| Withdrawn status | Lost status | Damaged status | Not for loan | Permanent Location | Current Location | Date acquired | Total Checkouts | Full call number | Barcode | Date last seen | Price effective from | Koha item type |
|---|---|---|---|---|---|---|---|---|---|---|---|---|
| School of Natural Sciences (SNS) | School of Natural Sciences (SNS) | 05/26/2016 | 516.373 AUB | SNS0001312 | 05/26/2016 | 05/26/2016 | Book |
